000
00300nam a22001217a 4500
008
180606b xxu||||| |||| 00| 0 eng d
041
_a
eng
080
_a
043.3
100
_a
0
101
_a
MEK-BA
245
_a
Four Wheel Robot with Robotic Arm and Intelligent System
_c
Mustafa, V
942
_2
udc
_c
BK
999
_c
46511
_d
46511